书目信息 |
| 题名: |
EDA培训教程
|
|
| 作者: | 田富鹏 , 朱利娜 , 甘登岱 主编 | |
| 分册: | ||
| 出版信息: | 北京 机械工业出版社 2005.03 |
|
| 页数: | 268页 | |
| 开本: | 24cm | |
| 丛书名: | ||
| 单 册: | ||
| 中图分类: | TN702 | |
| 科图分类: | ||
| 主题词: | 电子电路--dian zi dian lu--电路设计--计算机辅助设计 | |
| 电子资源: | ||
| ISBN: | 7-111-15933-0 | |
| 000 | 01030nam0 2200265 450 | |
| 001 | 012006338077 | |
| 005 | 20060920112034.68 | |
| 010 | @a7-111-15933-0@dCNY26.00 | |
| 100 | @a20060625d2005 km y0chiy0120 ea | |
| 101 | 0 | @achi |
| 102 | @aCN@b110000 | |
| 105 | @aa z 000yy | |
| 200 | 1 | @aEDA培训教程@AEDA pei xun jiao cheng@f甘登岱, 田富鹏, 朱利娜主编@Fgan deng dai,tian fu peng,zhu li na zhu bian |
| 210 | @a北京@c机械工业出版社@d2005.03 | |
| 215 | @a268页@c图@d24cm | |
| 330 | @a电子电路-电路设计:计算机辅助设计-教材。本书为EDA软件介绍,电子电路分析与设计。 本书是一部计算机辅助设计EDA的培训教材,内容包括:电子电路的仿真、印制电路板设计等。 | |
| 333 | @a高职、高专和中等专业学校电气类专业学生,广大电子电路设计人员和在校学生 | |
| 606 | 0 | @a电子电路@Adian zi dian lu@x电路设计@x计算机辅助设计 |
| 610 | 0 | @aEDA |
| 690 | @aTN702@v4 | |
| 701 | 0 | @a田富鹏@Atian fu peng@4主编 |
| 701 | 0 | @a朱利娜@Azhu li na@4主编 |
| 701 | 0 | @a甘登岱@Agan deng dai@4主编 |
| 801 | 0 | @aCN@bQSSK@c20060920 |
| 905 | @a10447@dTN702@eG020 | |
| EDA培训教程/甘登岱, 田富鹏, 朱利娜主编.-北京:机械工业出版社,2005.03 |
| 268页:图;24cm |
| 使用对象:高职、高专和中等专业学校电气类专业学生,广大电子电路设计人员和在校学生 |
| ISBN 7-111-15933-0:CNY26.00 |
| 电子电路-电路设计:计算机辅助设计-教材。本书为EDA软件介绍,电子电路分析与设计。 本书是一部计算机辅助设计EDA的培训教材,内容包括:电子电路的仿真、印制电路板设计等。 |
| ● |
| 相关链接 |
|
|
|
正题名:EDA培训教程
索取号:TN702/G020
 
预约/预借
| 序号 | 登录号 | 条形码 | 馆藏地/架位号 | 状态 | 备注 |
| 1 | 591167 | 205911673 | 自科库301/301自科库 29排1列4层/ [索取号:TN702/G020] | 在馆 | |
| 2 | 591168 | 205911682 | 自科库301/301自科库 29排1列4层/ [索取号:TN702/G020] | 在馆 | |
| 3 | 591169 | 205911691 | 自科库301/301自科库 21排4列1层/ [索取号:TN702/G020] | 在馆 |